000 00524 a2200157 4500
020 _a0198596863
020 _a9780198596868
082 0 4 _a530.11
090 _c1667
_d1667
100 1 _ad'Inverno, R.
245 1 0 _aIntroducing einstein's relativity /
_cR. d'Inverno.
260 _a[S.l.] :
_bOxford University Press, USA,
_c1992.
300 _a400 p. ;
_c26 cm.
942 _aSNS
_cBK
_k530.11 DIN
999 _c30275
_d30275